000 00298 a2200133 4500
001 48033
040 _cAnchieta - Aquarius
100 _a Azevedo, Artur
240 1 0 _aA casadinha de fresco
_lpor
245 1 0 _aA casadinha de fresco
300 _a51
650 4 _aLiteratura brasileira
942 _cBK
999 _c48033
_d48033